[Event "Budapest FS08 GM"]
[Site "Budapest"]
[Date "1998.08.06"]
[Round "6"]
[White "Lukacs, Peter"]
[Black "Vovsha, Eli"]
[Result "1-0"]
[WhiteElo "2515"]
[BlackElo "2235"]

1.d4 Nf6 2.c4 e6 3.Nf3 Bb4+ 4.Bd2 a5 5.g3 d6 6.Bg2 Nbd7 7.O-O e5 8.Nc3 exd4
9.Nxd4 O-O 10.Rc1 c6 11.a3 Bxc3 12.Bxc3 Nb6 13.Qd3 a4 14.Rfd1 Qe7 15.Nf5 Bxf5
16.Qxf5 Nfd7 17.Qg4 Ne5 18.Qd4 c5 19.Qe4 Rab8 20.Ba5 Qc7 21.f4 Nc6 22.Bc3 Rbe8
23.Qd3 f5 24.Bf3 Qe7 25.Qxd6 Qe3+ 26.Kg2 Rf7 27.Qd3 Qxd3 28.exd3 Rd8 29.Kf2 Nd4
30.Bg2 Rd6 31.Re1 Rfd7 32.Re5 Rc7 33.Rce1 g6 34.Re8+ Kf7 35.Rh8 Kg7 36.Rb8 Rdd7
37.Ba5 Rd6 38.Bxb7 Nb3 39.Bc3+ Kh6 40.Be5  1-0

[Event "MK Cafe Cup-A"]
[Site "Koszalin"]
[Date "1998.08.07"]
[Round "5"]
[White "Neverov, Valeriy"]
[Black "Adianto, Utut"]
[Result "1/2-1/2"]
[WhiteElo "2515"]
[BlackElo "2610"]

1.Nf3 Nf6 2.c4 e6 3.d4 Bb4+ 4.Bd2 Qe7 5.g3 Nc6 6.Nc3 Bxc3 7.Bxc3 Ne4 8.Rc1 d5
9.Bg2 O-O 10.O-O a5 11.Qc2 Rd8 12.Rfd1 Nd6 13.b3 dxc4 14.bxc4 Nxc4 15.Ba1 Nd6
16.e4 Ne8 17.Bb2 Nb4 18.Qb1 Bd7 19.Rc5 Ba4 20.Rdc1 b6 21.Rh5 g6 22.Rh4 c5
23.a3 Nc2 24.Rxc2 Bxc2 25.Qxc2 cxd4 26.e5 Rac8 27.Qd2 h5 28.Rxd4 Rxd4 29.Nxd4 Qc5
30.h3 Rd8 31.Qf4 Ng7 32.Kh2 Qc4 33.Qe3 Qc5 34.Qf4 Qc4 35.Qe3 Qc5 36.g4 hxg4
37.hxg4 b5 38.Kg3 b4 39.a4 Qc4 40.Be4 Qf1 41.Nc6 Rd7 42.Bd4 Qg1+ 43.Bg2 Qd1
44.Bf3 Qg1+ 45.Kh3 Qf1+ 46.Kh2 Qc4 47.Bc5 Rd3 48.Be2 Rxe3 49.Bxc4 Rc3 50.Nxa5 b3
51.Ba3 Rc2 52.Bxb3 Rxf2+ 53.Kg3 Rd2 54.Bc4 Ne8 55.Bb4 Rd4 56.Bc5 Re4 57.Bd6 Rd4
58.Bb5 Nxd6 59.exd6 Rxd6 60.Nc6 Kg7 61.a5 Rd5 62.Ba6 Rd7 63.Kf4 f6 64.Bb5 g5+
65.Ke3 Rd5 66.Ba4 Rd7 67.a6 f5 68.a7 Rxa7 69.Nxa7 fxg4 70.Kf2  1/2-1/2

[Event "ARG-ch97"]
[Site "Villa Martelli"]
[Date "1998.08.09"]
[Round "3"]
[White "Slipak, Sergio"]
[Black "Giaccio, Alfredo"]
[Result "1/2-1/2"]
[WhiteElo "2510"]
[BlackElo "2460"]

1.d4 Nf6 2.Nf3 e6 3.c4 Bb4+ 4.Bd2 Bxd2+ 5.Qxd2 O-O 6.Nc3 d5 7.e3 Qe7 8.Qc2 c6
9.Bd3 dxc4 10.Bxc4 Nbd7 11.O-O e5 12.Rfe1 Ne8 13.Bd3 g6 14.Nxe5 Nxe5 15.dxe5 Qxe5
16.f4 Qc5 17.Kh1 f5 18.e4 Ng7 19.Rad1 fxe4 20.Nxe4 Qxc2 21.Bxc2 Bg4 22.Rd6 Rae8
23.Rf1  1/2-1/2

[Event "Budapest FS08 IM-B"]
[Site "Budapest"]
[Date "1998.08.10"]
[Round "10"]
[White "Kolbus, Dietmar"]
[Black "Stjazhkin, V."]
[Result "0-1"]
[WhiteElo "2320"]
[BlackElo "2390"]

1.d4 Nf6 2.c4 e6 3.Nf3 Bb4+ 4.Bd2 a5 5.a3 Bxd2+ 6.Nbxd2 a4 7.e3 d6 8.Bd3 O-O
9.O-O Qe7 10.Ng5 e5 11.Qc2 h6 12.Nh7 Nxh7 13.Bxh7+ Kh8 14.Be4 Nc6 15.Rfe1 Bd7
16.Bxc6 Bxc6 17.Rac1 b6 18.d5 Bd7 19.Nb1 Qh4 20.f3 f5 21.Qf2 Qf6 22.Nc3 g5
23.e4 Qg7 24.Qd2 Rf7 25.Nb5 Be8 26.Rc3 Qf6 27.Rcc1 Rg7 28.Rc3 Bg6 29.Rce3 Bh7
30.R3e2 Qe7 31.Kh1 Rf7 32.Kg1 Kg7 33.Nc3 Qd7 34.Nb5 Bg6 35.Nc3 Kh7 36.Nb5 fxe4
37.fxe4 Raf8 38.Nc3 Bh5 39.Re3 Rf6 40.Nd1 Qf7 41.Qd3 Bxd1 42.Rxd1 Rf2 43.Rb1 Qf4
44.h3 g4 45.g3 Qf6 46.h4 h5 47.Re2 Rf1+ 48.Kh2 Qf2+  0-1

[Event "MK Cafe Cup-A"]
[Site "Koszalin"]
[Date "1998.08.12"]
[Round "10"]
[White "Pyda, Zbigniew"]
[Black "Khasin, Alexander"]
[Result "0-1"]
[WhiteElo "2405"]
[BlackElo "2500"]

1.d4 Nf6 2.c4 e6 3.Nf3 Bb4+ 4.Bd2 Qe7 5.g3 Nc6 6.Bg2 Bxd2+ 7.Nbxd2 d6 8.O-O a5
9.e4 e5 10.d5 Nb8 11.Ne1 h5 12.Nd3 h4 13.Qe2 Na6 14.Rac1 Nc5 15.b3 Bg4 16.Qe3 Bd7
17.Nxc5 dxc5 18.Nf3 hxg3 19.fxg3 Rh5 20.a3 Ra6 21.h4 Ng4 22.Qd2 a4 23.b4 Rg6
24.Ng5 Rgxg5 25.hxg5 Rxg5 26.d6 cxd6 27.bxc5 dxc5 28.Rf3 Bc6 29.Rd3 f6 30.Rd1 Kf7
31.Qe2 Kg6 32.Bh3 Nh6 33.Bc8 Kh7 34.g4 Qe8 35.Rd8 Qg6 36.Qh2 Qxe4 37.R8d3 Kg6
38.Rg3 Qxc4 39.Qh4 Kf7 40.Rf1 Qd4+ 41.Kh2 Qd2+ 42.Kg1 c4 43.Rf2 Qd1+ 44.Rf1 Qd4+
45.Rf2 Nf5 46.Qxg5 Qd1+  0-1

[Event "MK Cafe Cup-A"]
[Site "Koszalin"]
[Date "1998.08.12"]
[Round "10"]
[White "Pieniazek, Artur"]
[Black "Szymanski, Marcin"]
[Result "1-0"]
[WhiteElo "2400"]
[BlackElo "2295"]

1.d4 e6 2.c4 Nf6 3.Nf3 Bb4+ 4.Bd2 a5 5.g3 d6 6.Bg2 Bxd2+ 7.Qxd2 Nbd7 8.Nc3 O-O
9.O-O e5 10.e4 Re8 11.h3 exd4 12.Nxd4 Nc5 13.Rfe1 Be6 14.b3 a4 15.b4 Ncd7
16.Nxe6 Rxe6 17.f4 Qc8 18.Rac1 Nb8 19.a3 Nc6 20.Kh2 h6 21.Re3 g5 22.Nd5 Qd8
23.Qc3 Nh7 24.e5 Ne7 25.Nxe7+ Qxe7 26.Bxb7 Re8 27.Bc6 Rd8 28.Bd5 gxf4 29.gxf4 Rg6
30.Rg3 Rxg3 31.Qxg3+ Kh8 32.Rg1 Qf8 33.Qc3  1-0

[Event "Energy Cup"]
[Site "Olomouc"]
[Date "1998.08.12"]
[Round "5"]
[White "Beil, Zdenek"]
[Black "Ptacnikova, Lenka"]
[Result "1/2-1/2"]
[WhiteElo "2320"]
[BlackElo "2260"]

1.d4 Nf6 2.Nf3 e6 3.c4 Bb4+ 4.Bd2 Qe7 5.g3 Nc6 6.Bg2 Bxd2+ 7.Nbxd2 d6 8.e4 e5
9.d5 Nb8 10.h3 a5 11.O-O O-O 12.Ne1 Na6 13.Nd3 c6 14.f4 Nb4 15.Nxb4 axb4
16.Qb3 Nh5 17.Qf3 g6 18.f5 Qg5 19.g4 Nf4 20.Rf2 Bd7 21.a4 c5 22.b3 b5 23.cxb5 Bxb5
24.Bf1 Bd7 25.Nc4 Qe7 26.Kh2 Rab8 27.Bd3 g5 28.Kg3 h5 29.Rh2 h4+ 30.Kf2 Nxd3+
31.Qxd3 Rb7 32.Kg1 f6 33.Na5 Rc7 34.Nc6 Bxc6 35.dxc6 Rfc8 36.Rd2 Rxc6 37.Rad1 Kf8
38.Qc4 Ra8 39.Qb5 Qc7 40.Qc4 Qe7  1/2-1/2

[Event "FRA-ch"]
[Site "Meribel"]
[Date "1998.08.14"]
[Round "1"]
[White "Bacrot, Etienne"]
[Black "Chabanon, Jean Luc"]
[Result "1-0"]
[WhiteElo "2555"]
[BlackElo "2490"]

1.d4 Nf6 2.c4 e6 3.Nf3 Bb4+ 4.Bd2 Qe7 5.g3 Nc6 6.Bg2 Bxd2+ 7.Nbxd2 d6 8.Nf1 d5
9.Ne3 Qb4+ 10.Qd2 Qxd2+ 11.Kxd2 Ne4+ 12.Ke1 dxc4 13.Rc1 Nd6 14.Nxc4 Nxc4
15.Rxc4 Ke7 16.Kd2 Rd8 17.e4 a5 18.Rhc1 Ra6 19.Ke3 Rb6 20.b3 Rd7 21.Rc5 Kd8
22.Bf1 Re7 23.Nd2 f6 24.Bb5 Na7 25.Bc4 Nc6 26.Nb1 a4 27.bxa4 Rb4 28.Nc3 Nb8
29.Bb3 c6 30.a5 Na6 31.Rc4 Kc7 32.Rxb4 Nxb4 33.Bc4 Kb8 34.Be2 Ka7 35.Na4 e5
36.d5 Bd7 37.d6 Re6 38.a3  1-0

[Event "ESP-ch"]
[Site "Linares"]
[Date "1998.08.16"]
[Round "5"]
[White "Comas Fabrego, Luis"]
[Black "Jimenez de la Torre, Jose A"]
[Result "1-0"]
[WhiteElo "2540"]
[BlackElo "2245"]

1.d4 Nf6 2.c4 e6 3.Nf3 Bb4+ 4.Bd2 Qe7 5.g3 b6 6.Bg2 Bb7 7.O-O Bxd2 8.Qxd2 O-O
9.Nc3 d6 10.d5 e5 11.e4 a5 12.b3 Nbd7 13.Qe2 Nc5 14.Nd2 Bc8 15.a3 Bg4 16.Qe3 Ne8
17.b4 Nb7 18.Rae1 Bd7 19.f4 f6 20.f5 Qd8 21.h4 axb4 22.axb4 Ra3 23.Ra1 Qa8
24.Nb3 Qa6 25.Qe2 b5 26.Kh2 bxc4 27.Rxa3 Qxa3 28.Qxc4 Qb2 29.Kg1 Nd8 30.b5 Nb7
31.Rf2 Qa3 32.Ra2 Na5 33.Nxa5 Qc1+ 34.Kh2  1-0

[Event "ARG-ch97"]
[Site "Villa Martelli"]
[Date "1998.08.16"]
[Round "10"]
[White "Fiorito, Fabian"]
[Black "Slipak, Sergio"]
[Result "0-1"]
[WhiteElo "2425"]
[BlackElo "2500"]

1.d4 Nf6 2.Nf3 e6 3.c4 Bb4+ 4.Bd2 Qe7 5.g3 Nc6 6.Nc3 O-O 7.Bg2 Bxc3 8.Bxc3 Ne4
9.Rc1 d6 10.d5 Nd8 11.O-O e5 12.c5 f5 13.cxd6 cxd6 14.Bb4 b6 15.Nd2 Nc5 16.Nc4 Bd7
17.f4 Nf7 18.fxe5 Nxe5 19.Nxe5 Qxe5 20.Bc3 Qe3+ 21.Kh1 Rae8 22.b4 Ba4 23.Qd4 Qxd4
24.Bxd4 Na6 25.e3 Rf7 26.a3 Nc7 27.g4 Nb5 28.Rxf5 Rxf5 29.gxf5 Nxd4 30.exd4 Bd7
31.Kg1 Rc8 32.Rf1 Kf7 33.Rf3 Rc2 34.Rf2 Rxf2 35.Kxf2 Bxf5 36.Ke3 Kf6 37.Kf4 g5+
38.Ke3 Bb1 39.Bf3 Kf5 40.Be2 g4 41.Bb5 Kg5 42.Bd7 h5 43.Be6 h4 44.Bd7 g3
45.hxg3 hxg3 46.Bh3 Kh4 47.Bg2 Bf5 48.Kf4 Bh3 49.Bf3 g2 50.Bxg2 Bxg2 51.Kf5 Bxd5
52.Kf6 Bc4 53.Ke7 d5 54.Kd6 Kg4  0-1

[Event "ARG-ch97"]
[Site "Villa Martelli"]
[Date "1998.08.16"]
[Round "10"]
[White "Sorin, Ariel"]
[Black "Giaccio, Alfredo"]
[Result "1-0"]
[WhiteElo "2470"]
[BlackElo "2460"]

1.d4 Nf6 2.c4 e6 3.Nf3 Bb4+ 4.Bd2 Qe7 5.g3 Bxd2+ 6.Nbxd2 d6 7.Bg2 a5 8.O-O O-O
9.e4 e5 10.Qc2 Bg4 11.Rfe1 c5 12.d5 Bd7 13.Re2 Na6 14.Rf1 Ne8 15.Ne1 b5 16.f4 f6
17.Nef3 Nec7 18.a3 a4 19.f5 bxc4 20.Nxc4 Rfb8 21.Ref2 Ne8 22.Na5 Nac7 23.Qd2 Nb5
24.Re1 Nd4 25.Bf1 Nb3 26.Nxb3 Rxb3 27.Bc4 Rbb8 28.g4 Nc7 29.Rg2 Bb5 30.Ba2 Kh8
31.g5 Rg8 32.Kh1 Be8 33.Bc4 Bh5 34.Nh4 Raf8 35.Reg1 Ne8 36.g6 h6 37.Rg3 Nc7
38.Ng2 Qd7 39.Qe3 Rb8 40.Rh3 Rxb2 41.Rxh5 Rgb8 42.Ne1 Kg8 43.Nd3 Rc2 44.Rc1 Rxc1+
45.Qxc1 Nb5 46.Rh3 Nd4 47.Re3 Qa7 48.Qc3 Nb5 49.Bxb5 Rxb5 50.Nb2 Rb3 51.Qd2 Qb8
52.Nc4 Rxe3 53.Qxe3 Qb1+ 54.Kg2 Qc2+ 55.Nd2 Kf8 56.Kg3 Ke7 57.Nf3 Qb1 58.Qe1 Qb5
59.Qc3 Kd7 60.Kf2 Ke7 61.Nd2 Kd7 62.Ke3 Kc7 63.Qc2 Kc8 64.Nc4 Kc7 65.Kd3  1-0

[Event "ESP-ch"]
[Site "Linares"]
[Date "1998.08.20"]
[Round "9"]
[White "Granero Roca, Antonio"]
[Black "Merino Garcia, Rafael"]
[Result "0-1"]
[WhiteElo "2370"]
[BlackElo "2275"]

1.d4 Nf6 2.c4 e6 3.Nf3 Bb4+ 4.Bd2 Qe7 5.g3 Nc6 6.Bg2 Bxd2+ 7.Nbxd2 a5 8.O-O d6
9.e4 e5 10.d5 Nb8 11.Ne1 h5 12.h4 Bd7 13.b3 Na6 14.a3 O-O 15.Qc2 c6 16.dxc6 bxc6
17.Nd3 c5 18.f4 Nb8 19.Rae1 Bg4 20.b4 axb4 21.axb4 Nc6 22.b5 Nd4 23.Qb1 Ra3
24.Re3 exf4 25.gxf4 Nd7 26.Qb2 Rfa8 27.e5 R8a5 28.Nf3 Nf5 29.Rfe1 Ra2 30.Qc1 Ra1
31.Qd2 R1a2 32.Qc3 Nxe3  0-1

[Event "Schwarzach opB"]
[Site "Schwarzach"]
[Date "1998.08.23"]
[Round "2"]
[White "Steinkogler, Gustav"]
[Black "Wingender, Hans Peter"]
[Result "0-1"]
[WhiteElo "1748"]
[BlackElo "1851"]

1.d4 Nf6 2.c4 e6 3.Nf3 Bb4+ 4.Bd2 a5 5.a3 Bxd2+ 6.Nbxd2 d6 7.e4 Nc6 8.Be2 e5
9.d5 Ne7 10.O-O a4 11.Rc1 Nd7 12.h3 Nc5 13.Nh2 Ng6 14.Bg4 Nf4 15.Rc3 O-O
16.Qf3 f5 17.Bxf5 Bxf5 18.exf5 Rxf5 19.Ne4 Nb3 20.Rxb3 axb3 21.g4 Rf8 22.Qxb3 b6
23.Re1 Qh4 24.Re3 Qe7 25.Kf1 Qd7 26.Rg3 Rfb8 27.g5 Qa4 28.h4 b5 29.Qxa4 bxa4
30.Ng4 Rxb2 31.Re3 Rb1+ 32.Re1 Rb3 33.Re3 Rab8 34.c5 Rxa3 35.Re1 Rh3 36.Kg1 a3
37.cxd6 cxd6 38.Nxd6 a2 39.Nf6+ gxf6 40.gxf6 Rb1 41.f7+ Kf8  0-1

[Event "FRA-ch"]
[Site "Meribel"]
[Date "1998.08.24"]
[Round "11"]
[White "Kouatly, Bachar"]
[Black "Chabanon, Jean Luc"]
[Result "1/2-1/2"]
[WhiteElo "2495"]
[BlackElo "2490"]

1.d4 Nf6 2.c4 e6 3.Nf3 Bb4+ 4.Bd2 Qe7 5.g3 Nc6 6.Bg2 Bxd2+ 7.Nbxd2 d6 8.O-O a5
9.e4 e5 10.d5 Nb8 11.Ne1 h5 12.Nd3 h4 13.f4 hxg3 14.fxe5 dxe5 15.hxg3 Nbd7
16.Rf5 g6 17.Rf2 Ra6 18.Qf3 Nc5 19.Nxc5 Qxc5 20.Nb3 Qa7 21.c5 O-O 22.Bf1 Ng4
23.Rc2 Rf6 24.Qc3 a4 25.Nd2 b6 26.b4 bxc5 27.Qxc5 Qxc5+ 28.bxc5 Kg7 29.Be2 Rh8
30.Bxg4 Bxg4 31.Rf1 Rxf1+ 32.Nxf1 Bf3 33.Rc4 f5 34.Nd2 fxe4 35.Nxf3 exf3
36.Kf2 Rd8 37.d6 cxd6 38.cxd6 Rxd6 39.Kxf3 Rd3+ 40.Ke4 Rxg3 41.Kxe5 a3 42.Ra4 g5
43.Kf5 Kf7 44.Ra6 Ke7 45.Ke5 Kd7 46.Kd5 g4 47.Ra4 Rd3+ 48.Ke4 Rc3 49.Kd5 g3
50.Rg4 Ke7 51.Ke5 Kd7 52.Kf4 Rc2 53.Rxg3 Rxa2 54.Rg1 Kc6 55.Ke3 Kb5 56.Kd3 Kb4
57.Rg8 Rh2 58.Rb8+ Ka4 59.Kc3 Rh3+  1/2-1/2

[Event "Karl Wagner mem 5th"]
[Site "Graz"]
[Date "1998.09.07"]
[Round "3.24"]
[White "Riedner, Martin"]
[Black "Brunnsteiner, Mario"]
[Result "1-0"]
[WhiteElo "2245"]
[BlackElo "2110"]

1.d4 Nf6 2.Nf3 e6 3.c4 Bb4+ 4.Bd2 Qe7 5.g3 d5 6.Bg2 O-O 7.O-O c6 8.Qc2 Nbd7
9.Bxb4 Qxb4 10.Nbd2 Re8 11.a3 Qe7 12.e4 dxe4 13.Nxe4 Nxe4 14.Qxe4 Nf6 15.Qc2 a5
16.Rfe1 Bd7 17.Ne5 Qd6 18.c5 Qc7 19.Nc4 Red8 20.Rad1 Bc8 21.h3 h6 22.Re5 Nd7
23.Rh5 Nf6 24.Re5 Nd7 25.Re3 Nf6 26.Rf3 Nd5 27.Ne5 f6 28.Nc4 Rb8 29.Bf1 Ra8
30.Qg6 Qf7 31.Qe4 f5 32.Qe5 Qf6 33.Qe1 Ne7 34.Rfd3 Nd5 35.Nxa5 f4 36.Nc4 Ra4
37.Nd6 fxg3 38.fxg3 Rf8 39.Bg2 Kh8 40.Rf3 Qe7 41.Rxf8+ Qxf8 42.Qe5 Nf6 43.Rf1 Kg8
44.Be4 Qd8 45.Bc2 Ra8 46.Ne4 Nd5 47.Qh5 Qe7 48.Nd6 Ne3 49.Rf7  1-0

[Event "CRO-chT"]
[Site "Porec"]
[Date "1998.09.07"]
[Round "3"]
[White "Horvath, Jozsef"]
[Black "Jovanovic, Sasa D"]
[Result "1/2-1/2"]
[WhiteElo "2530"]
[BlackElo "2375"]

1.d4 Nf6 2.c4 e6 3.Nf3 Bb4+ 4.Bd2 a5 5.g3 d6 6.Bg2 Nbd7 7.O-O e5 8.Be3 exd4
9.Bxd4 O-O 10.Nc3 c6 11.Qc2 Qe7 12.Rad1 Re8 13.Ng5 Ne5 14.Na4 Bg4 15.h3 h6
16.Nf3 Bxf3 17.exf3 Ned7 18.f4 Qe2 19.Qxe2 Rxe2 20.Bf3 Rc2 21.Rc1 Rxc1 22.Rxc1 Nc5
23.Nxc5 Bxc5 24.Bxc5 dxc5 25.Rc3 a4 26.Kg2 Rd8 27.Ra3 Rd2 28.b3 axb3 29.axb3 Rb2
30.Ra8+ Kh7 31.Rb8 Rxb3 32.Bxc6 b6 33.Rb7 Rb4 34.Bb5 Ne4 35.Kf3 Nd2+ 36.Ke3 Nxc4+
37.Bxc4 Rxc4 38.Rxb6 Rc1  1/2-1/2

[Event "Karl Wagner mem 5th"]
[Site "Graz"]
[Date "1998.09.08"]
[Round "4.2"]
[White "Eingorn, Vereslav S"]
[Black "Gershon, Alik"]
[Result "1-0"]
[WhiteElo "2610"]
[BlackElo "2460"]

1.d4 Nf6 2.Nf3 e6 3.c4 Bb4+ 4.Bd2 Qe7 5.Nc3 Bxc3 6.Bxc3 Ne4 7.Qc2 Nxc3 8.Qxc3 O-O
9.g3 d6 10.Bg2 Nc6 11.d5 Nb8 12.dxe6 fxe6 13.O-O Nd7 14.Nd4 Kh8 15.Rad1 e5
16.Nb5 Nc5 17.Qe3 a5 18.b3 Ne6 19.Nc3 Qe8 20.Nd5 Bd7 21.c5 Bc6 22.cxd6 cxd6
23.Qd2 Qh5 24.e3 Ng5 25.f4 exf4 26.exf4 Nh3+ 27.Kh1 Rae8 28.Bf3 Qf5 29.Qg2 Bb5
30.Rfe1 Rxe1+ 31.Rxe1 Ng5 32.Ne7 Qf6 33.Bxb7 Re8 34.fxg5 Rxe7 35.Rxe7 Qxe7
36.h4 Qe1+ 37.Kh2 Qe2 38.Qxe2 Bxe2 39.Kg2 Kg8 40.Kf2 Bd1 41.Ke3 Kf7 42.Bd5+ Ke7
43.Bf3 Bxf3 44.Kxf3 Kd7 45.Ke4 Kc6 46.Kd4 g6 47.a3  1-0

[Event "Karl Wagner mem 5th"]
[Site "Graz"]
[Date "1998.09.12"]
[Round "8.5"]
[White "Polak, Tomas"]
[Black "Gershon, Alik"]
[Result "1-0"]
[WhiteElo "2525"]
[BlackElo "2460"]

1.d4 Nf6 2.c4 e6 3.Nf3 Bb4+ 4.Bd2 Qe7 5.g3 Nc6 6.a3 Bxd2+ 7.Qxd2 a5 8.Nc3 d6
9.Bg2 e5 10.O-O e4 11.Ng5 Bf5 12.Rad1 Bg6 13.Qf4 Nh5 14.Qe3 f5 15.Nd5 Qd7
16.g4 f4 17.Qh3 Nf6 18.Nxf6+ gxf6 19.Nxe4 O-O-O 20.Nxf6 Qe6 21.g5 Bf5 22.Qf3 Qxc4
23.Qxf4 Bc2 24.Rd2 Bg6 25.Bd5 Qb5 26.Rc1 Ne7 27.Bc4 Qf5 28.Qxf5+ Nxf5 29.Be6+ Kb8
30.Nd7+ Ka7 31.Rxc7 Rc8 32.Rxc8  1-0

[Event "Itau Mercosul Cup 2nd"]
[Site "Sao Paulo"]
[Date "1998.09.16"]
[Round "9"]
[White "Souza Neves, Andrey M"]
[Black "D'Israel, Davy"]
[Result "0-1"]
[WhiteElo "2165"]
[BlackElo "2240"]

1.d4 Nf6 2.Nf3 e6 3.c4 Bb4+ 4.Bd2 Qe7 5.g3 Nc6 6.Bg2 Bxd2+ 7.Nbxd2 d6 8.e4 e5
9.d5 Nb8 10.b4 a5 11.a3 O-O 12.O-O Na6 13.Rb1 Bd7 14.Qe2 axb4 15.axb4 c5
16.dxc6 bxc6 17.Ne1 Rfb8 18.Nc2 Be8 19.Ra1 Nc7 20.Rfe1 Ne6 21.Nb3 h5 22.Qd2 h4
23.Red1 Rxa1 24.Nbxa1 h3 25.Bh1 c5 26.b5 Nd4 27.Ne3 g6 28.Nf5 Qf8 29.Qg5 Nh7
30.Nh6+ Kh8 31.Qh4 Bd7 32.Ng4 Bxg4 33.Qxg4 Qh6 34.Qh4 Qxh4 35.gxh4 Nf6 36.Rb1 Nd7
37.Nb3 Nb6 38.Nxd4 cxd4 39.Bf3 Nxc4 40.Rb4 Nb6 41.Bg4 Ra8 42.Rb1 Ra3 43.Kf1 Kg7
44.Ke1 Kf6 45.Rc1 Rb3 46.Rc6 Rxb5 47.Rxd6+ Ke7 48.Rc6 Na4 49.Rc7+ Kf8 50.h5 Rb1+
51.Ke2 Rb2+ 52.Kf3 Rb3+ 53.Ke2 Nc3+ 54.Ke1 Rb1+ 55.Kd2 Rf1 56.h6 Kg8 57.Bxh3 Rxf2+
58.Kc1 Rxh2 59.h7+ Kxh7 60.Rxf7+ Kh6 61.Bd7 d3  0-1

[Event "Elista ol (Men)"]
[Site "Elista"]
[Date "1998.09.29"]
[Round "1"]
[White "Veingold, Aleksandr"]
[Black "Dyce, Andrew"]
[Result "1-0"]
[WhiteElo "2485"]
[BlackElo "2295"]

1.d4 Nf6 2.Nf3 e6 3.c4 Bb4+ 4.Bd2 a5 5.g3 d5 6.Qc2 Nc6 7.Bg2 dxc4 8.Qxc4 Qd5
9.Qd3 Qe4 10.Qxe4 Nxe4 11.a3 Bd6 12.Be3 Nf6 13.Nc3 O-O 14.O-O Bd7 15.Rac1 e5
16.Rfd1 Bg4 17.dxe5 Nxe5 18.Nb5 Nxf3+ 19.exf3 Bd7 20.Nxc7 Bxc7 21.Rxc7 Bc6
22.f4 Rac8 23.Bb6 a4 24.Rd4 Rxc7 25.Bxc7 Ra8 26.Be5 Ne8 27.Bxc6 bxc6 28.Rd7 f6
29.Bc3 c5 30.Kf1 Ra6 31.Rd8  1-0

[Event "Elista ol (Men)"]
[Site "Elista"]
[Date "1998.10.03"]
[Round "5"]
[White "Khamdamov, Suhrob"]
[Black "Maherramzade, Javad"]
[Result "0-1"]
[WhiteElo "2140"]
[BlackElo "2440"]

1.d4 Nf6 2.Nf3 e6 3.c4 Bb4+ 4.Bd2 Qe7 5.Nc3 O-O 6.Qc2 d5 7.e3 Nc6 8.cxd5 exd5
9.Bd3 Bd6 10.a3 Bg4 11.O-O Bxf3 12.gxf3 a6 13.Kh1 Qd7 14.Bf5 Qd8 15.Rg1 Ne7
16.Rg5 Nxf5 17.Qxf5 Be7 18.Rag1 g6 19.e4 dxe4 20.fxe4 Qxd4 21.Be3 Qc4 22.Qf3 Qe6
23.Bd4 Rad8 24.Re5 Qd7 25.Rd1 Rfe8 26.Rxe7 Qxe7 27.Bxf6 Rxd1+ 28.Nxd1 Qxe4
29.Qxe4 Rxe4 30.Kg2 Re6 31.Bc3 f6 32.Ne3 Kf7 33.Nd5 c6 34.Ne3 c5 35.Kf3 Rd6
36.Nc4 Re6 37.Nd2 b6 38.Ne4 h6 39.Kf4 Rc6 40.Ke3 g5 41.Kd3 b5 42.Ng3 Rd6+
43.Ke4 Kg6 44.f4 gxf4 45.Ne2 Re6+ 46.Kf3 Re3+ 47.Kf2 Kf5 48.Bd2 Re4 49.Kf3 b4
50.axb4 cxb4 51.Nxf4 a5 52.Ne2 Rh4 53.Bf4 a4 54.Nd4+ Kg6 55.Nc2 a3 56.bxa3 b3
57.Bc1 Rc4  0-1

[Event "Budapest FS10 IM-B"]
[Site "Budapest"]
[Date "1998.10.05"]
[Round "3"]
[White "Papp, Gellert"]
[Black "Eperjesi, Laszlo"]
[Result "0-1"]
[WhiteElo "2205"]
[BlackElo "2305"]

1.d4 Nf6 2.Nf3 e6 3.c4 Bb4+ 4.Bd2 c5 5.Bxb4 cxb4 6.e3 O-O 7.Bd3 d6 8.a3 Nc6
9.Nbd2 a5 10.O-O Re8 11.e4 bxa3 12.bxa3 e5 13.d5 Nb8 14.c5 dxc5 15.Qb3 Nfd7
16.Nc4 Ra6 17.Rab1 Rg6 18.Qc3 Qf6 19.Kh1 b6 20.Ne3 Nf8 21.Nf5 Bxf5 22.exf5 Rh6
23.Rfe1 Nbd7 24.Be4 Qd8 25.g4 Nf6 26.g5 Nxe4 27.Rxe4 Qxd5 28.Rbe1 Rd6 29.Rxe5 Rxe5
30.Rxe5 Qc6 31.Kg1 Rd5 32.h4 Rxe5 33.Nxe5 Qe4 34.f6 Qxh4 35.Nf3 Qg4+ 36.Kf1 Ne6
37.Ne5 Qd1+ 38.Kg2 Nf4+ 39.Kh2 Qh5+ 40.Kg1 Ne2+  0-1

[Event "Elista ol (Men)"]
[Site "Elista"]
[Date "1998.10.07"]
[Round "9"]
[White "Karkanaque, Ilir"]
[Black "Giaccio, Alfredo"]
[Result "1/2-1/2"]
[WhiteElo "2395"]
[BlackElo "2460"]

1.d4 e6 2.Nf3 Nf6 3.c4 Bb4+ 4.Bd2 Qe7 5.g3 O-O 6.Bg2 d5 7.Qc2 Bxd2+ 8.Nbxd2 Nc6
9.O-O e5 10.dxe5 Nxe5 11.cxd5 Nxd5 12.Nxe5 Qxe5 13.Qc5 c6 14.e4 Qe7 15.Nb3 Qxc5
16.Nxc5 Nf6 17.Rfd1 Rb8 18.e5 Ng4 19.f4 Ne3 20.Rd6 Nxg2 21.Kxg2 Re8 22.Rad1 Bf5
23.Kf3 h5 24.R1d2  1/2-1/2

[Event "Elista ol (Men)"]
[Site "Elista"]
[Date "1998.10.09"]
[Round "10"]
[White "Valenzuela, Luis"]
[Black "Sula, Zegir"]
[Result "1-0"]
[WhiteElo "2405"]
[BlackElo "2360"]

1.Nf3 Nf6 2.d4 e6 3.c4 Bb4+ 4.Bd2 c5 5.Bxb4 cxb4 6.g3 O-O 7.Bg2 d6 8.O-O Nc6
9.a3 bxa3 10.Nxa3 e5 11.d5 Nb4 12.Ne1 Bf5 13.Qd2 a5 14.Nd3 Bxd3 15.exd3 Nd7
16.Nb5 Nc5 17.Ra3 Qd7 18.Rfa1 b6 19.d4 exd4 20.Nxd4 Rae8 21.Nc6 Nba6 22.Re1 Rxe1+
23.Qxe1 Re8 24.Re3 Rxe3 25.Qxe3 g6 26.h4 Nc7 27.h5 Ne8 28.Bh3 f5 29.hxg6 hxg6
30.Qg5 Kf7 31.Nd8+ Kg7 32.Bxf5 Qxf5 33.Qe7+ Kh6 34.Nf7+ Kh7 35.Nxd6+ Ng7
36.Nxf5 gxf5 37.d6  1-0

[Event "Elista ol (Men)"]
[Site "Elista"]
[Date "1998.10.09"]
[Round "10"]
[White "Manninen, Marko"]
[Black "Atia, Mahdi"]
[Result "1-0"]
[WhiteElo "2385"]
[BlackElo "2215"]

1.d4 Nf6 2.c4 e6 3.Nf3 Bb4+ 4.Bd2 Bxd2+ 5.Qxd2 d5 6.Nc3 O-O 7.e3 b6 8.Bd3 dxc4
9.Bxc4 Bb7 10.Qe2 Nbd7 11.Rd1 Qe7 12.Ba6 Bxa6 13.Qxa6 c5 14.O-O cxd4 15.exd4 Qb4
16.Rd2 Rfc8 17.Ne5 Nxe5 18.dxe5 Ng4 19.Qe2 Qf4 20.g3 Qf5 21.f4 h5 22.Ne4 Qg6
23.Rfd1 Nh6 24.Ng5 h4 25.Qf3 Kh8 26.Rd7 hxg3 27.hxg3 Rf8 28.Rc7 Rad8 29.Kg2 Kg8
30.Rxd8 Rxd8 31.Qd1 Rf8 32.Kf2 a5 33.Rd7 Qf5 34.Qd3 Ng4+ 35.Ke2 Nh6 36.Qxf5 Nxf5
37.g4 Nh6 38.Kf3 Rb8 39.Ne4 b5 40.Nd6 b4 41.Ra7 f6 42.Rxa5 fxe5 43.Rxe5 Ra8
44.Rxe6 Kf8 45.g5 Nf7 46.Nxf7 Kxf7 47.Rb6 Rxa2 48.Rxb4 g6 49.Rb7+ Kf8 50.b4  1-0

[Event "Elista ol (Men)"]
[Site "Elista"]
[Date "1998.10.11"]
[Round "12"]
[White "Horvath, Csaba"]
[Black "Antonio, Rogelio Jr"]
[Result "1/2-1/2"]
[WhiteElo "2540"]
[BlackElo "2540"]

1.d4 Nf6 2.c4 e6 3.Nf3 Bb4+ 4.Bd2 Qe7 5.g3 Nc6 6.Nc3 O-O 7.Bg2 Bxc3 8.Bxc3 Ne4
9.Rc1 d6 10.d5 Nd8 11.dxe6 Bxe6 12.Bb4 Nc6 13.Ba3 Rae8 14.O-O Qf6 15.h3 a5
16.Nd2 Ng5 17.g4 Bc8 18.Rc3 Ne6 19.Ne4 Qh4 20.e3 h5 21.f4 f5 22.gxf5 Rxf5
23.b3 Nb4 24.Qd2 Bd7 25.Kh2 Bc6 26.Ng3 Rf6 27.Rg1 Nc5  1/2-1/2

[Event "Elista ol (Men)"]
[Site "Elista"]
[Date "1998.10.11"]
[Round "12"]
[White "Janjgava, Lasha"]
[Black "Miezis, Normunds"]
[Result "1/2-1/2"]
[WhiteElo "2490"]
[BlackElo "2515"]

1.d4 Nf6 2.c4 e6 3.Nf3 Bb4+ 4.Bd2 Qe7 5.g3 Nc6 6.Bg2 Bxd2+ 7.Nbxd2 d6 8.Nf1 d5
9.Ne3 Qb4+ 10.Qd2 Qxd2+ 11.Kxd2 Ne4+ 12.Ke1 Ne7 13.Rc1 c6 14.Ne5 O-O 15.f3 Nf6
16.Kf2 Rd8 17.Rhd1 Nd7 18.Nd3 b6 19.cxd5 exd5 20.Rd2 a5 21.h4 Bb7 22.a3 Nf8
23.Nf4 Bc8 24.Bf1 Ne6 25.Neg2 Nxf4 26.Nxf4 Ba6 27.Bh3 Rd6 28.e3 Bc8 29.Bxc8 Nxc8
30.Rdc2  1/2-1/2

[Event "BL2-W9899"]
[Site "Germany"]
[Date "1998.10.18"]
[Round "1.2"]
[White "Chernin, Alexander"]
[Black "Becker, Marc"]
[Result "1-0"]
[WhiteElo "2645"]
[BlackElo "2430"]

1.d4 Nf6 2.c4 e6 3.Nf3 Bb4+ 4.Bd2 Qe7 5.g3 Nc6 6.Nc3 Bxc3 7.Bxc3 Ne4 8.Rc1 d6
9.d5 Nxc3 10.Rxc3 Nd8 11.Qc2 O-O 12.Bg2 Bd7 13.O-O e5 14.c5 dxc5 15.Rxc5 c6
16.Nxe5 cxd5 17.Nxd7 Qxd7 18.Rxd5 Qe6 19.e3 Rc8 20.Qa4 a6 21.Rfd1 Qb6 22.Qd4 Qxd4
23.R5xd4 Ne6 24.R4d2 Rc7 25.Rd7 Rxd7 26.Rxd7 Rd8 27.Rxd8+ Nxd8 28.Bd5 Kf8
29.e4 Ke7 30.f4 Kd6 31.Kf2 Kc5 32.Ke3 a5 33.g4 b5 34.h4 a4 35.Kd3 f6 36.a3 h6
37.h5  1-0

[Event "BL2-N9899"]
[Site "Germany"]
[Date "1998.10.18"]
[Round "1.2"]
[White "Hansen, Lars Bo"]
[Black "Thinius, Marco"]
[Result "1/2-1/2"]
[WhiteElo "2565"]
[BlackElo "2335"]

1.d4 Nf6 2.Nf3 e6 3.c4 Bb4+ 4.Bd2 a5 5.g3 d6 6.Bg2 Nbd7 7.O-O e5 8.Be3 exd4
9.Bxd4 O-O 10.Nc3 Re8 11.Rc1 Bc5 12.e3 Qe7 13.Nd5 Nxd5 14.cxd5 b6 15.Qc2 Nf6
16.Bxf6 Qxf6 17.Qc3 Qxc3 18.Rxc3 Bd7 19.Rfc1 h6 20.h4 Re7 21.Bf1 g6 22.a3 a4
23.Bd3 Kg7 24.Kg2 c6 25.Bc4 b5 26.Ba2 cxd5 27.Bxd5 Rb8 28.b4 axb3 29.Rxb3 Rb6
30.Ne1 Bf5 31.Nc2 Bxc2 32.Rxc2 Ra7 33.Rcc3 Ra5 34.Bf3  1/2-1/2

[Event "VAM Hoogeveen op"]
[Site "Hoogeveen"]
[Date "1998.10.22"]
[Round "7"]
[White "Van Beek, Lucien"]
[Black "Hendriks, Richard"]
[Result "1-0"]
[WhiteElo "2315"]
[BlackElo "2080"]

1.d4 Nf6 2.c4 e6 3.Nf3 Bb4+ 4.Bd2 Qe7 5.a3 Bxd2+ 6.Nbxd2 d6 7.e4 e5 8.d5 O-O
9.g3 a5 10.b3 Na6 11.Bg2 Bd7 12.O-O c6 13.Qe2 cxd5 14.exd5 Rfc8 15.Rfc1 Be8
16.Rab1 Rab8 17.b4 axb4 18.axb4 b5 19.Nd4 bxc4 20.Nxc4 Nxb4 21.Nf5 Qc7 22.Qd2 Na6
23.Qg5 g6 24.Ncxd6 Rxb1 25.Rxb1 Qc2 26.Rf1 Bd7 27.Qxf6 Bxf5 28.Nxf5 Qxf5
29.Qxa6 e4 30.Bxe4  1-0